[Event "HET 2003"]
[Site "?"]
[Date "2003.10.19"]
[Round "2.15"]
[White "Riedel, Siegfried"]
[Black "Becker-Bertau, Friedrich"]
[Result "0-1"]
[WhiteElo "1620"]
[BlackElo "1827"]
[PlyCount "81"]
[EventDate "2003.??.??"]

1. e4 c5 2. Nc3 d6 3. g3 Nc6 4. Bg2 e5 5. d3 g6 6. f4 Bg7 7. Nf3 Bg4 8. O-O
Nge7 9. h3 Bd7 10. g4 h5 11. f5 hxg4 12. hxg4 gxf5 13. exf5 d5 14. Nd2 Bh6 15.
Nb3 Qb6 16. Na4 Qc7 17. Bxh6 Rxh6 18. Qd2 Qd6 19. Naxc5 O-O-O 20. Nxd7 Kxd7 21.
Kf2 Rg8 22. Qe2 Rh4 23. Bf3 Rh2+ 24. Bg2 Nxf5 25. Qf3 Nh6 26. Rh1 Nxg4+ 27. Ke2
Rxh1 28. Rxh1 Nf6 29. Bh3+ Ke7 30. Rf1 a5 31. c3 a4 32. Nc5 e4 33. dxe4 Rg3 34.
Qf5 Rxh3 35. Qxh3 Qxc5 36. Rf5 Qc4+ 37. Qd3 Qxd3+ 38. Kxd3 dxe4+ 39. Kc4 Ke6
40. Rb5 Ne8 41. Rxb7 0-1

[Event "HET 2003"]
[Site "?"]
[Date "2003.10.19"]
[Round "2.16"]
[White "Holzweissig, Hans-Joachim"]
[Black "Hoffmann, Boris"]
[Result "0-1"]
[WhiteElo "1773"]
[BlackElo "1529"]
[PlyCount "54"]
[EventDate "2003.??.??"]

1. Nf3 d5 2. g3 e6 3. Bg2 Bd6 4. O-O f5 5. d4 Nf6 6. Nbd2 Nbd7 7. c4 c6 8. c5
Bc7 9. a3 O-O 10. b4 Qe8 11. Qb3 Qh5 12. Re1 f4 13. Nf1 fxg3 14. Nxg3 Bxg3 15.
hxg3 Ng4 16. Bf4 Ndf6 17. Ne5 g5 18. Nxg4 Nxg4 19. Be3 Qh2+ 20. Kf1 Bd7 21. f3
Qxg3 22. Bg1 Rf6 23. Red1 Raf8 24. Rd3 Rh6 25. f4 Rxf4+ 26. Rf3 Nh2+ 27. Bxh2
Rxh2 0-1

[Event "HET 2003"]
[Site "?"]
[Date "2003.10.19"]
[Round "2.17"]
[White "Biermann, Helge"]
[Black "Harms, Peter"]
[Result "1-0"]
[WhiteElo "1727"]
[BlackElo "1504"]
[PlyCount "80"]
[EventDate "2003.??.??"]

1. c4 e5 2. Nc3 Nf6 3. e4 Be7 4. g3 Nc6 5. Bg2 d6 6. h3 Be6 7. d3 h6 8. Be3 O-O
9. Nge2 Nh7 10. g4 Bg5 11. Qd2 Nb4 12. O-O-O a6 13. Kb1 b5 14. Nd5 c5 15. f4
exf4 16. Nexf4 bxc4 17. dxc4 Qa5 18. b3 Rab8 19. Rhe1 Qa3 20. Qb2 Qxb2+ 21.
Kxb2 Nc6 22. Rd2 Ne5 23. Kc2 a5 24. Nxe6 Bxe3 25. Ne7+ Kh8 26. Rxe3 fxe6 27.
Rxd6 Rf7 28. Rxe6 Rf2+ 29. Kc3 Nxg4 30. Rg3 Ne3 31. Reg6 Rc2+ 32. Kd3 Rxg2 33.
Rxg2 Nxg2 34. Rxg2 Rd8+ 35. Ke3 Nf6 36. e5 Nh5 37. Nf5 Rd3+ 38. Kxd3 Nf4+ 39.
Ke4 Nxg2 40. e6 Kg8 1-0

[Event "HET 2003"]
[Site "?"]
[Date "2003.10.19"]
[Round "2.18"]
[White "Gloe, Helmut"]
[Black "Schröder, Kai Uwe"]
[Result "0-1"]
[WhiteElo "1410"]
[BlackElo "1720"]
[PlyCount "84"]
[EventDate "2003.??.??"]

1. c4 {0} 1... e6 2. Nc3 d5 3. cxd5 exd5 4. d4 Nf6 5. Bg5 Be7 6. e3 O-O 7. a3
c6 8. Rc1 Bf5 9. Bd3 Bxd3 10. Qxd3 Nbd7 11. Nf3 Re8 12. O-O Ne4 13. Bxe7 Qxe7
14. b4 a6 15. Ne2 Nb6 16. Rc2 Nc4 17. Nc1 a5 18. Qb3 axb4 19. Qxb4 Rxa3 20.
Qxe7 Rxe7 21. Ne2 b5 22. Rb1 Rea7 23. g3 Ra2 24. Rbc1 b4 25. Rxa2 Rxa2 26. Kf1
b3 27. Ne5 b2 28. Nxc4 bxc1=Q+ 29. Nxc1 Rxf2+ 30. Kg1 dxc4 31. h4 Rc2 32. g4
Rxc1+ 33. Kg2 c3 34. Kf3 Nf6 35. g5 Nh5 36. e4 c2 37. d5 cxd5 38. exd5 Rf1+ 39.
Kg4 g6 40. d6 c1=Q 41. d7 Qf4+ 42. Kh3 Qg3# 0-1

[Event "HET 2003"]
[Site "?"]
[Date "2003.11.01"]
[Round "3.2"]
[White "Meier, David-Geffrey"]
[Black "Heroiu, Alexandru"]
[Result "1-0"]
[WhiteElo "2216"]
[BlackElo "2039"]
[PlyCount "71"]
[EventDate "2003.??.??"]

1. d4 g6 2. c4 Bg7 3. Nc3 Nf6 4. e4 d6 5. Nf3 O-O 6. h3 e5 7. d5 a5 8. Bg5 h6
9. Be3 Na6 10. Bd3 Qe7 11. Qd2 Kh7 12. g4 Ng8 13. O-O-O b6 14. Rdg1 Nc5 15. Bc2
f5 16. gxf5 gxf5 17. exf5 Bxf5 18. Bxf5+ Rxf5 19. Qc2 Raf8 20. Rg4 Qf7 21. Rhg1
Bh8 22. Nh4 Ne7 23. Nxf5 Qxf5 24. Bxc5 Qxc2+ 25. Kxc2 dxc5 26. Ne4 Nf5 27. Kd3
Rf7 28. Rg8 Bg7 29. Rd8 Bf8 30. Rd7 Be7 31. Rxc7 Kh8 32. d6 Nxd6 33. Nxd6 Rf3+
34. Ke4 Bxd6 35. Rc8+ Rf8 36. Rxf8+ 1-0

[Event "HET 2003"]
[Site "?"]
[Date "2003.11.01"]
[Round "3.3"]
[White "Schroeder, Gerhard"]
[Black "Gollasch, Theo-Heinz"]
[Result "1/2-1/2"]
[WhiteElo "2036"]
[BlackElo "2149"]
[PlyCount "49"]
[EventDate "2003.??.??"]

1. d4 d5 2. c4 e6 3. cxd5 exd5 4. Nc3 c6 5. Qc2 Bd6 6. h3 Na6 7. Nf3 Ne7 8. a3
Bf5 9. Qb3 Rb8 10. e3 b5 11. Bd2 Nc7 12. Na2 f6 13. Rc1 Qd7 14. Bd3 Bxd3 15.
Qxd3 O-O 16. Bb4 Ra8 17. Bxd6 Qxd6 18. O-O a5 19. Nc3 Rfe8 20. Nd2 f5 21. f4 a4
22. Na2 Ra7 23. Nb4 Na6 24. Nxa6 Rxa6 25. Nf3 {(=)} 1/2-1/2

[Event "HET 2003"]
[Site "?"]
[Date "2003.11.01"]
[Round "3.4"]
[White "Klarner, William R"]
[Black "Schirmer, Werner"]
[Result "1-0"]
[WhiteElo "2144"]
[BlackElo "2031"]
[PlyCount "69"]
[EventDate "2003.??.??"]

1. e4 c5 2. f4 Nc6 3. Nf3 g6 4. Bc4 Bg7 5. Nc3 d6 6. d3 e6 7. O-O Nge7 8. f5 d5
9. Bb3 O-O 10. fxg6 hxg6 11. Qe1 Nd4 12. Qh4 Nxf3+ 13. Rxf3 c4 14. dxc4 dxc4
15. Bxc4 Qd4+ 16. Be3 Nf5 17. Bxd4 Bxd4+ 18. Qf2 Bxf2+ 19. Rxf2 Nd4 20. Rd1 Nc6
21. Rfd2 Ne5 22. Be2 b6 23. h3 Bb7 24. Kf2 Rac8 25. Nb5 Rc5 26. Nd6 Bc6 27. c4
Ra5 28. b3 Kg7 29. a4 a6 30. Ra1 Nd7 31. b4 Re5 32. c5 bxc5 33. b5 axb5 34.
axb5 Ba8 35. Nc4 1-0

[Event "HET 2003"]
[Site "?"]
[Date "2003.11.01"]
[Round "3.6"]
[White "Sellack, Helmut"]
[Black "Maahs, Erich"]
[Result "1/2-1/2"]
[WhiteElo "1884"]
[BlackElo "2187"]
[PlyCount "203"]
[EventDate "2003.??.??"]

1. e4 d5 2. exd5 Nf6 3. d4 Nxd5 4. c4 Nb6 5. Nf3 Bg4 6. Be2 e6 7. O-O Nc6 8.
Be3 Bxf3 9. Bxf3 Nxc4 10. Qa4 Nb6 11. Bxc6+ bxc6 12. Qxc6+ Qd7 13. Qe4 Bd6 14.
d5 Nxd5 15. Nc3 O-O 16. Rac1 f5 17. Qd3 Nf6 18. Rfd1 Qf7 19. Qc4 a6 20. h3 Nd7
21. f4 Rfd8 22. Rf1 Nf8 23. Rce1 Re8 24. Re2 Nd7 25. Rf3 Nf8 26. Bd4 Ng6 27. g3
Re7 28. Rfe3 Nf8 29. Qc6 Qe8 30. Qc4 Kh8 31. b4 a5 32. b5 Bb4 33. a4 Rd8 34.
Na2 Red7 35. Bc3 Bxc3 36. Qxc3 Rd1+ 37. Re1 Qh5 38. Rxd1 Qxd1+ 39. Re1 Qd2 40.
Qxd2 Rxd2 41. Nc1 Rd4 42. Nb3 Rxa4 43. Rd1 Kg8 44. Rd8 Rb4 45. Nxa5 Rxb5 46.
Nc6 g5 47. Ne5 Rd5 48. Rc8 gxf4 49. gxf4 c5 50. Kg2 Kg7 51. Rc7+ Kg8 52. Rc8
Rd4 53. Kg3 c4 54. Nxc4 Rd3+ 55. Kh4 Kg7 56. Rc7+ Kf6 57. Ne5 Ng6+ 58. Nxg6
hxg6 59. Rc3 Rd4 60. Kg3 Rd6 61. h4 Rd1 62. Re3 Rg1+ 63. Kh3 Rg4 64. Rf3 Rg1
65. Ra3 Re1 66. Kg3 Kg7 67. Ra7+ Kh6 68. Re7 Re3+ 69. Kg2 Kh5 70. Kf2 Rh3 71.
Rxe6 Rxh4 72. Kg3 Rg4+ 73. Kf3 Kh4 74. Ra6 Kh5 75. Ra8 Kh6 76. Rh8+ Kg7 77. Rh1
Kf6 78. Ra1 Rh4 79. Kg3 Rh8 80. Ra6+ Kg7 81. Ra7+ Kh6 82. Ra1 Rb8 83. Rh1+ Kg7
84. Ra1 Rb3+ 85. Kg2 Rc3 86. Ra7+ Kh6 87. Ra8 Rb3 88. Rh8+ Kg7 89. Rc8 Kf7 90.
Rc1 g5 91. fxg5 Kg6 92. Rc6+ Kf7 93. Rc8 Kg6 94. Rg8+ Kh5 95. g6 Kh6 96. g7 Rb5
97. Kf3 Kg6 98. Rc8 Kxg7 99. Kf4 Kf6 100. Rc6+ Ke7 101. Rc7+ Ke6 102. Rc6+
1/2-1/2

[Event "HET 2003"]
[Site "?"]
[Date "2003.11.01"]
[Round "3.7"]
[White "Milajev, Mihail"]
[Black "Becker-Bertau, Friedrich"]
[Result "1/2-1/2"]
[WhiteElo "2155"]
[BlackElo "1827"]
[PlyCount "47"]
[EventDate "2003.??.??"]

1. d4 Nf6 2. c4 g6 3. Nc3 d6 4. e4 Bg7 5. h3 O-O 6. Be3 e5 7. d5 a5 8. Bd3 Nbd7
9. Nge2 Nc5 10. O-O Ne8 11. f4 Nxd3 12. Qxd3 f5 13. Rae1 Nf6 14. Ng3 Nxe4 15.
Ncxe4 fxe4 16. Qxe4 exf4 17. Bxf4 Bxb2 18. Qe7 Bd4+ 19. Kh1 Bf6 20. Qxd8 Bxd8
21. Bh6 Rxf1+ 22. Rxf1 Be7 23. Re1 Kf7 24. Rf1+ 1/2-1/2

[Event "HET 2003"]
[Site "?"]
[Date "2003.11.01"]
[Round "3.8"]
[White "Parindra, Amran Mojo Pahit"]
[Black "Biermann, Helge"]
[Result "1-0"]
[WhiteElo "1995"]
[BlackElo "1727"]
[PlyCount "79"]
[EventDate "2003.??.??"]

1. Nf3 Nf6 2. d4 g6 3. c4 Bg7 4. Nc3 O-O 5. e4 d6 6. h3 Nbd7 7. Be3 e5 8. d5
Nh5 9. g3 h6 10. Nh4 Kh7 11. Bd3 Nc5 12. Bc2 a5 13. Qe2 Bd7 14. O-O-O b6 15.
Rdg1 Qe7 16. Kb1 Rfd8 17. Bd2 Qe8 18. Qf3 Bf6 19. Qg2 Qf8 20. f3 Qe7 21. Qf2
Bxh4 22. gxh4 f5 23. exf5 gxf5 24. f4 e4 25. Bd1 Nf6 26. Qd4 Rg8 27. Nb5 Bxb5
28. cxb5 Rxg1 29. Rxg1 Rg8 30. Bc3 Rxg1 31. Qxg1 Qf7 32. Qd4 Ncd7 33. Qc4 Nc5
34. Qd4 Ncd7 35. a3 e3 36. Bc2 e2 37. Bxf5+ Kh8 38. Be6 Qg7 39. Bxd7 Qg1+ 40.
Qxg1 1-0

[Event "HET 2003"]
[Site "?"]
[Date "2003.11.01"]
[Round "3.9"]
[White "Schroeder, Kai Uwe"]
[Black "Urban, Ralf-Dieter"]
[Result "0-1"]
[WhiteElo "1720"]
[BlackElo "1992"]
[PlyCount "70"]
[EventDate "2003.??.??"]

1. e4 e5 2. Nf3 d5 3. exd5 e4 4. Qe2 Nf6 5. d3 Qxd5 6. Nc3 Bb4 7. Bd2 Bxc3 8.
bxc3 O-O 9. dxe4 Nxe4 10. Qd3 Be6 11. Be2 Nc6 12. O-O Rad8 13. Qxd5 Bxd5 14.
Bd3 Nc5 15. Ne1 Ne5 16. Bf4 Rfe8 17. Be2 c6 18. Be3 Ne4 19. Nd3 Nxc3 20. Rfe1
Nxe2+ 21. Rxe2 Bc4 22. Bxa7 Bxd3 23. cxd3 Nxd3 24. Rxe8+ Rxe8 25. Kf1 Nb4 26.
Bc5 Nd5 27. a4 b6 28. Bd6 Rd8 29. Bg3 Ra8 30. Rc1 c5 31. Rc4 Kf8 32. Re4 Nc3
33. Bd6+ Kg8 34. Re3 Nxa4 35. Ra3 f6 0-1

[Event "HET 2003"]
[Site "?"]
[Date "2003.11.01"]
[Round "3.10"]
[White "Benthin, Thomas"]
[Black "Bohn, Christoph"]
[Result "0-1"]
[WhiteElo "1677"]
[BlackElo "1947"]
[PlyCount "56"]
[EventDate "2003.??.??"]

1. e4 e5 2. Nf3 Nc6 3. d4 exd4 4. Nxd4 Bb4+ 5. c3 Bc5 6. Nxc6 bxc6 7. Qf3 Qf6
8. Qg3 Ne7 9. Be3 Bxe3 10. Qxe3 O-O 11. Bc4 Re8 12. O-O Ng6 13. Re1 d5 14. Bd3
Rb8 15. Qd2 Nh4 16. Re3 Qg5 17. g3 Bh3 18. f4 Qg4 19. Be2 Qg6 20. e5 Nf5 21.
Bd3 h5 22. Qc2 Nxe3 23. Bxg6 Nxc2 24. Bxc2 Rxb2 25. Na3 Reb8 26. Bb3 Rg2+ 27.
Kh1 Rd2 28. Nc2 Rxb3 0-1

[Event "HET 2003"]
[Site "?"]
[Date "2003.11.01"]
[Round "3.11"]
[White "Hoffmann, Boris"]
[Black "Ristic, Sreten"]
[Result "0-1"]
[WhiteElo "1529"]
[BlackElo "1936"]
[PlyCount "126"]
[EventDate "2003.??.??"]

1. d4 c5 2. d5 e6 3. c4 d6 4. Nc3 Na6 5. Nf3 Be7 6. e4 Nc7 7. Bd3 a6 8. Qc2 e5
9. h3 Bd7 10. a4 h6 11. Bd2 Nf6 12. a5 Nh7 13. Na4 Rb8 14. Nb6 O-O 15. Nh2 Re8
16. Ra3 Na8 17. Nxd7 Qxd7 18. O-O g5 19. Qd1 Bf8 20. Bc2 Re7 21. Ng4 f6 22. Ne3
Qe8 23. Nf5 Rc7 24. Qc1 Kh8 25. h4 Qh5 26. Bd1 Qg6 27. Rg3 Rd7 28. f4 exf4 29.
Rxf4 Qe8 30. hxg5 Nxg5 31. Bc2 Rh7 32. Bc3 Qd8 33. Qf1 Nc7 34. Nh4 Kg8 35. Bxf6
Be7 36. Bc3 Bf8 37. Qd3 Re7 38. Bf6 Bg7 39. Bxe7 Qxe7 40. Nf5 Qe5 41. Rfg4 Ne8
42. Nxg7 Nxg7 43. Rh4 h5 44. Qe3 Nf7 45. Qf2 b5 46. Rf4 Nh6 47. Rb3 Ng4 48. Qf1
b4 49. Bd1 Qd4+ 50. Kh1 Ne3 51. Qd3 Qxd3 52. Rxd3 Nxc4 53. Rg3 Rf8 54. Rxf8+
Kxf8 55. b3 Nxa5 56. Be2 h4 57. Rf3+ Ke7 58. Bxa6 Nh5 59. Re3 Kf6 60. Bc8 Ke5
61. Bg4 Ng3+ 62. Kg1 Kf4 63. Bf3 Kxe3 0-1

[Event "HET 2003"]
[Site "?"]
[Date "2003.11.01"]
[Round "3.13"]
[White "Diehl, Alexander"]
[Black "Raedisch, Peter"]
[Result "1-0"]
[WhiteElo "1898"]
[BlackElo "1708"]
[PlyCount "146"]
[EventDate "2003.??.??"]

1. d4 d5 2. c4 dxc4 3. Nf3 a6 4. a4 Nc6 5. e3 Bg4 6. Bxc4 Bxf3 7. Qxf3 e6 8.
O-O Nf6 9. Nc3 Be7 10. Rd1 O-O 11. b3 Bb4 12. Bb2 Bxc3 13. Bxc3 Nd5 14. Bb2 f5
15. e4 fxe4 16. Qxe4 Qf6 17. f3 Rad8 18. Re1 Rfe8 19. Rad1 Qg6 20. Qxg6 hxg6
21. Kf2 Kf7 22. Rd2 Rd6 23. Rc1 Nce7 24. Ba3 Rc6 25. Re1 Nf5 26. g4 Nd6 27.
Bxd5 exd5 28. Rc1 Rxc1 29. Bxc1 Kf6 30. Rc2 c6 31. Bf4 Nf7 32. a5 g5 33. Bg3
Re7 34. Rc1 Kg6 35. Rc3 Nd8 36. h4 Ne6 37. h5+ Kf7 38. Rd3 Re8 39. b4 Re7 40.
Be5 Rd7 41. Kg3 Rd8 42. Rd2 Re8 43. Rh2 Rh8 44. Re2 Re8 45. Rh2 Rh8 46. Rh1 Ke7
47. Rh2 Kf7 48. Kf2 Ke7 49. Ke3 Kf7 50. Re2 Re8 51. Kd2 Re7 52. Rh2 Re8 53. Kd3
Rh8 54. Ke3 Ke7 55. Rh1 Kd7 56. f4 gxf4+ 57. Bxf4 Nxf4 58. Kxf4 Rf8+ 59. Ke5
Re8+ 60. Kf5 Re4 61. g5 Re7 62. h6 gxh6 63. gxh6 Rh7 64. Kg6 Rh8 65. h7 c5 66.
bxc5 Kc7 67. Rf1 Rd8 68. Rf5 Re8 69. Kf7 Rh8 70. Kg7 Rd8 71. h8=Q Rxh8 72. Kxh8
b5 73. Rf7+ Kc6 1-0

[Event "HET 2003"]
[Site "?"]
[Date "2003.11.01"]
[Round "3.14"]
[White "Knops, Peter"]
[Black "Klawitter, Bernd"]
[Result "1/2-1/2"]
[WhiteElo "1878"]
[BlackElo "1546"]
[PlyCount "46"]
[EventDate "2003.??.??"]

1. e4 e6 2. d3 d5 3. Nd2 dxe4 4. dxe4 b6 5. Ngf3 Bb7 6. c3 Nf6 7. Be2 Be7 8.
O-O O-O 9. Qc2 Na6 10. e5 Nd5 11. Bd3 g6 12. a3 Nf4 13. Be4 Ne2+ 14. Kh1 Bxe4
15. Nxe4 Nxc1 16. Rd1 Qb8 17. Qxc1 f5 18. exf6 Bxf6 19. Qe3 Qe8 20. Rd3 Rd8 21.
Rad1 Qe7 22. Qd2 Rxd3 23. Qxd3 Nb8 {(=)} 1/2-1/2

[Event "HET 2003"]
[Site "?"]
[Date "2003.11.01"]
[Round "3.17"]
[White "Jaeger, Julian"]
[Black "Broschk, Matthias"]
[Result "0-1"]
[WhiteElo "1264"]
[BlackElo "1735"]
[PlyCount "36"]
[EventDate "2003.??.??"]

1. e4 c5 2. Nf3 d6 3. d4 cxd4 4. Nxd4 Nf6 5. Nc3 a6 6. Bg5 e6 7. f4 Qc7 8. Qf3
Bd7 9. O-O-O Nc6 10. Nb3 Rc8 11. g4 b5 12. Kb1 b4 13. Ne2 Ne5 14. Qe3 Qxc2+ 15.
Ka1 Qxd1+ 16. Nec1 Nexg4 17. Be2 Qxh1 18. Bxg4 Nxg4 0-1

[Event "HET 2003"]
[Site "?"]
[Date "2003.11.01"]
[Round "3.18"]
[White "Riedel, Siegfried"]
[Black "Holzweissig, Hans-Joachim"]
[Result "0-1"]
[WhiteElo "1620"]
[BlackElo "1773"]
[PlyCount "80"]
[EventDate "2003.??.??"]

1. e4 g6 2. d4 Bg7 3. Nc3 d6 4. Bg5 h6 5. Bf4 Nd7 6. Bg3 a6 7. f4 c5 8. Nce2
cxd4 9. Nc1 Qa5+ 10. Qd2 Qxd2+ 11. Kxd2 e5 12. Bd3 Ne7 13. Nb3 O-O 14. Ne2 Nb6
15. a4 a5 16. c3 dxc3+ 17. Nxc3 Be6 18. Kc2 Rfc8 19. Rhf1 exf4 20. Bxf4 d5 21.
e5 Nf5 22. g4 Ne7 23. h3 Nc6 24. Bb5 Nxe5 25. Nd4 Nc6 26. Nxc6 bxc6 27. Bd3 g5
28. Bh2 Nd7 29. Rae1 Nc5 30. Bf5 Bxf5+ 31. Rxf5 Ne6 32. Ne2 d4 33. Ng3 Nf4 34.
h4 d3+ 35. Kc1 Ng2 36. Re7 Nxh4 37. Rfxf7 Bd4 38. Nh5 Re8 39. Rxe8+ Rxe8 40.
Bd6 Kxf7 0-1

[Event "HET 2003"]
[Site "?"]
[Date "2003.11.01"]
[Round "3.19"]
[White "Engin, Atay"]
[Black "Gloe, Helmut"]
[Result "1-0"]
[WhiteElo "1702"]
[BlackElo "1410"]
[PlyCount "65"]
[EventDate "2003.??.??"]

1. e4 g6 2. d4 Bg7 3. c4 d6 4. Nc3 c6 5. Nf3 Bd7 6. Qc2 a6 7. a4 Qb6 8. a5 Qc7
9. Bf4 Bg4 10. Qd2 Bxf3 11. gxf3 Nd7 12. b4 e5 13. Be3 Ngf6 14. Bh3 O-O 15. d5
cxd5 16. Nxd5 Nxd5 17. cxd5 Rac8 18. Bb6 Nxb6 19. axb6 Qc3 20. Ke2 Qxd2+ 21.
Kxd2 Rc4 22. Rab1 f5 23. exf5 gxf5 24. Ke2 Kf7 25. Bxf5 Ke7 26. Bxh7 Rd4 27.
Be4 Rc8 28. b5 a5 29. Ra1 a4 30. Rhc1 Rb8 31. Rc7+ Kf6 32. Rg1 Bh6 33. Rg6# 1-0

[Event "HET 2003"]
[Site "?"]
[Date "2003.11.01"]
[Round "3.22"]
[White "Tost, Guenther"]
[Black "Rose, Sven"]
[Result "1/2-1/2"]
[WhiteElo "1438"]
[BlackElo "1622"]
[PlyCount "128"]
[EventDate "2003.??.??"]

1. d4 Nf6 2. Nf3 g6 3. c4 d5 4. cxd5 Nxd5 5. e4 Nb6 6. Nc3 Bg7 7. Be2 O-O 8.
O-O Bg4 9. Be3 Nc6 10. d5 Ne5 11. Nxe5 Bxe2 12. Qxe2 Bxe5 13. f4 Bg7 14. Rac1
e6 15. dxe6 fxe6 16. e5 Nd5 17. Nxd5 exd5 18. Bd4 b6 19. b4 Qd7 20. b5 Rfe8 21.
a4 a6 22. Rc6 axb5 23. axb5 Ra4 24. Qb2 Re6 25. Rfc1 Rxc6 26. Rxc6 Qg4 27. Qd2
Qd7 28. Kh1 Rc4 29. e6 Qe7 30. Bxg7 Rxc6 31. bxc6 Qxg7 32. g3 d4 33. Qd3 Qe7
34. Qxd4 Qxe6 35. Qd8+ Kf7 36. Qxc7+ Kf6 37. Qxb6 Qe4+ 38. Kg1 Qe1+ 39. Kg2
Qe4+ 40. Kf2 Qc2+ 41. Ke3 Qc3+ 42. Ke4 Qc2+ 43. Kd5 Qd2+ 44. Kc5 Qc2+ 45. Kd6
Qd2+ 46. Kc7 Qxh2 47. Qd4+ Kf5 48. Qe5+ Kg4 49. Qg5+ Kf3 50. Qh4 Qa2 51. Qe7
Qa7+ 52. Kd8 Qa8+ 53. Kd7 Kxg3 54. c7 Qa4+ 55. Kd8 Qd4+ 56. Ke8 Qa4+ 57. Kf8
Qxf4+ 58. Kg7 Qf5 59. Qe1+ Kg4 60. Qd1+ Kg3 61. Qg1+ Kh4 62. Qh2+ Kg4 63. Kxh7
g5+ 64. Kg7 Qd7+ 1/2-1/2

[Event "HET 2003"]
[Site "HET 2003"]
[Date "2003.11.08"]
[Round "4.2"]
[White "Meier, David-Geffrey"]
[Black "Homm, Marc-Michael"]
[Result "1-0"]
[WhiteElo "2216"]
[BlackElo "1912"]
[PlyCount "109"]
[EventDate "2003.??.??"]

1. d4 Nf6 2. c4 g6 3. Nc3 d5 4. Nf3 Bg7 5. Bg5 Ne4 6. Bh4 Nxc3 7. bxc3 dxc4 8.
Qa4+ Qd7 9. Qxc4 b6 10. e3 Ba6 11. Qb3 Bxf1 12. Kxf1 O-O 13. Ke2 c5 14. Rhd1
Qc7 15. Kf1 e6 16. Kg1 Nc6 17. Qa3 c4 18. Bg3 Qd7 19. e4 Rfe8 20. h3 b5 21.
Rab1 a6 22. Qc1 Ra7 23. a4 Rb7 24. Qa3 Bf8 25. Qa2 Bd6 26. d5 Bxg3 27. dxc6
Qxc6 28. fxg3 Qxe4 29. axb5 axb5 30. Qd2 Rc8 31. Qh6 e5 32. Qxh7+ Kxh7 33. Ng5+
Kg7 34. Nxe4 Rc6 35. Nd6 Rb8 36. Nxb5 Rcb6 37. Na3 Rb3 38. Rxb3 cxb3 39. Kf2
Ra8 40. Nb1 Ra2+ 41. Rd2 f5 42. Ke3 Kf6 43. Rd6+ Kg5 44. Nd2 e4 45. Rb6 b2 46.
Rb3 Kh5 47. Nb1 Kg5 48. Rb6 Kh5 49. Kf4 g5+ 50. Ke3 g4 51. h4 f4+ 52. Kxf4 e3
53. Kxe3 Ra6 54. Rxb2 Rb6 55. Rb4 1-0

[Event "HET 2003"]
[Site "?"]
[Date "2003.11.08"]
[Round "4.3"]
[White "Gollasch, Theo"]
[Black "Schulz, Hans-Jürgen"]
[Result "1-0"]
[WhiteElo "2149"]
[BlackElo "2093"]
[PlyCount "47"]
[EventDate "2003.??.??"]

1. Nf3 e6 2. g3 c5 3. Bg2 d5 4. d4 cxd4 5. O-O Nc6 6. Nxd4 Nf6 7. c4 Bc5 8.
Nxc6 bxc6 9. Qc2 Qd6 10. Bg5 Nd7 11. Rd1 Bb7 12. Nc3 Qe5 13. Bf4 Qf6 14. cxd5
exd5 15. e4 O-O 16. exd5 Rac8 17. Qb3 Bb6 18. dxc6 Bxc6 19. Rd6 Qf5 20. Bxc6
Rxc6 21. Rxc6 Ne5 22. Qd5 Bxf2+ 23. Kxf2 Qc2+ 24. Kg1 1-0

[Event "HET 2003"]
[Site "?"]
[Date "2003.11.08"]
[Round "4.4"]
[White "Heroiu, Alexandru"]
[Black "Schröder, Gerhard"]
[Result "1-0"]
[WhiteElo "2039"]
[BlackElo "2036"]
[PlyCount "87"]

1. e4 c5 2. c4 Nc6 3. Nc3 g6 4. g3 Bg7 5. Bg2 d6 6. Nge2 e6 7. O-O Nge7 8. d3
O-O 9. Be3 Nd4 10. Rb1 Nec6 11. Nb5 Rb8 12. Nbxd4 cxd4 13. Bd2 b5 14. cxb5 Rxb5
15. a4 Rb8 16. b4 Bb7 17. f4 f5 18. exf5 gxf5 19. Qb3 Qd7 20. Rfc1 Ne7 21. Rc4
Bxg2 22. Kxg2 Qb7+ 23. Kf2 Rf7 24. Rbc1 e5 25. Rc7 Qd5 26. Rc8+ Rf8 27. Rxf8+
Rxf8 28. Qxd5+ Nxd5 29. Rc6 e4 30. Be1 Rb8 31. b5 Rb6 32. Rc4 Ne3 33. Rc8+ Bf8
34. Nxd4 Ng4+ 35. Ke2 Kf7 36. Rc7+ Kg6 37. Rxa7 Bg7 38. Nxf5 exd3+ 39. Kxd3
Kxf5 40. Rxg7 Nxh2 41. Rxh7 Ng4 42. Rh5+ Ke6 43. a5 Ne5+ 44. Rxe5+ 1-0

[Event "HET 2003"]
[Site "?"]
[Date "2003.11.08"]
[Round "4.5"]
[White "Maahs, Erich"]
[Black "Diehl, Alexander"]
[Result "1-0"]
[WhiteElo "2187"]
[BlackElo "1898"]
[PlyCount "99"]

1. e4 e6 2. d4 d5 3. Nd2 c5 4. Ngf3 Nf6 5. e5 Nfd7 6. c3 cxd4 7. cxd4 Nc6 8.
Bd3 b6 9. a3 a5 10. Qe2 Ncb8 11. O-O Ba6 12. Ne1 Qc8 13. f4 g6 14. Ndf3 Bxd3
15. Nxd3 Qa6 16. Be3 Be7 17. Rac1 O-O 18. g4 Rc8 19. Rxc8+ Qxc8 20. f5 exf5 21.
gxf5 Nf8 22. f6 Bd8 23. Qg2 Na6 24. Nh4 Qd7 25. Bh6 Nc7 26. Nf5 Nfe6 27. Bg7 h5
28. Qd2 Nxg7 29. fxg7 g5 30. Qe2 g4 31. Nh6+ Kxg7 32. Rxf7+ Qxf7 33. Nxf7 Kxf7
34. Qf2+ Kg6 35. Qf8 Kg5 36. Nf4 h4 37. Nxd5 Nxd5 38. Qg8+ Kf4 39. Qxd5 Rc8 40.
Qf7+ Kg5 41. Kf2 b5 42. Ke3 g3 43. hxg3 hxg3 44. Qf4+ Kh5 45. Qxg3 Bg5+ 46. Ke4
Rc1 47. Kd5 b4 48. axb4 axb4 49. Kd6 Rc2 50. Qf3+ 1-0

[Event "HET 2003"]
[Site "HET 2003"]
[Date "2003.11.08"]
[Round "4.6"]
[White "Schirmer, Werner"]
[Black "Sellack, Helmut"]
[Result "1/2-1/2"]
[WhiteElo "2031"]
[BlackElo "1884"]
[PlyCount "119"]
[EventDate "2003.??.??"]

1. e4 e6 2. d4 d5 3. Nc3 Bb4 4. e5 c5 5. a3 Bxc3+ 6. bxc3 Qc7 7. Nf3 f6 8. exf6
Nxf6 9. Bd3 Nc6 10. O-O O-O 11. a4 Re8 12. Re1 c4 13. Bf1 Bd7 14. g3 Qa5 15.
Bh3 e5 16. Bxd7 Nxd7 17. dxe5 Ndxe5 18. Nxe5 Nxe5 19. Bf4 Nc6 20. Qh5 Rf8 21.
Re3 g6 22. Qe2 Qc5 23. Re6 Rfd8 24. Bg5 Rdc8 25. Bf6 Qf8 26. Re1 Qf7 27. f4 Rf8
28. Qg4 Rfe8 29. f5 Rxe6 30. Rxe6 Re8 31. fxg6 hxg6 32. Qh4 Qd7 33. Rxe8+ Qxe8
34. Qh8+ Kf7 35. Qxe8+ Kxe8 36. Kf2 Kf7 37. Bg5 Ke6 38. Ke3 Kf5 39. Bf4 g5 40.
Bd6 Kg4 41. Kf2 Kh3 42. Kf3 g4+ 43. Kf4 d4 44. Ke4 dxc3 45. Kd5 Kxh2 46. Kxc4
Kg2 47. Kxc3 Kf3 48. Kc4 Ke4 49. Kc5 Nd4 50. Bb8 Nf5 51. a5 Kf3 52. Bxa7 Nxg3
53. Bb8 Ne2 54. Kb6 Nf4 55. Kxb7 g3 56. Ba7 Nh3 57. Bb8 Nf4 58. Bxf4 Kxf4 59.
a6 g2 60. a7 1/2-1/2

[Event "HET 2003"]
[Site "?"]
[Date "2003.11.08"]
[Round "4.7"]
[White "Krupa, Boguslaw"]
[Black "Parindra, Amran Mojo Pahit"]
[Result "0-1"]
[WhiteElo "1906"]
[BlackElo "1995"]
[PlyCount "48"]
[EventDate "2003.??.??"]

1. e4 e5 2. Nf3 Nc6 3. d3 Bc5 4. Be2 d6 5. O-O h6 6. c3 Qf6 7. b4 Bb6 8. b5 Nd8
9. d4 Ne6 10. Be3 Ne7 11. h4 Ba5 12. Qc2 Ng6 13. Nbd2 Nef4 14. Bd1 Be6 15. d5
Bg4 16. Nc4 Bb6 17. Nxb6 axb6 18. Qd2 Nxg2 19. Kxg2 Bxf3+ 20. Bxf3 Nxh4+ 21.
Kg3 Qxf3+ 22. Kxh4 g5+ 23. Bxg5 hxg5+ 24. Kxg5 Rh5# 0-1

[Event "HET 2003"]
[Site "?"]
[Date "2003.11.08"]
[Round "4.8"]
[White "Urban, Ralf-Dieter"]
[Black "Su, Viktor"]
[Result "1-0"]
[WhiteElo "1992"]
[BlackElo "1874"]
[PlyCount "73"]

1. e4 c5 2. Nf3 d6 3. d4 cxd4 4. Nxd4 Nf6 5. Nc3 a6 6. Bc4 e6 7. Bb3 Nbd7 8. g4
Nc5 9. Qe2 Be7 10. g5 Nfd7 11. Rg1 Nxb3 12. axb3 O-O 13. Rg3 Re8 14. Be3 b5 15.
Ncxb5 Bb7 16. Nc3 Rc8 17. h4 d5 18. exd5 exd5 19. O-O-O Qa5 20. Kb1 Bd6 21. Rh3
Nf8 22. Nf5 Bb4 23. Na2 d4 24. Nxd4 Bc5 25. Nc3 Rcd8 26. Qc4 Bd6 27. Bd2 Bb4
28. Re3 Rc8 29. Rxe8 Rxc4 30. bxc4 Qc5 31. Be3 Qc7 32. Nf5 Qc6 33. Rdd8 Qc7 34.
Bb6 Qxb6 35. Rxf8+ Bxf8 36. Ne7+ Kh8 37. Rxf8# 1-0

[Event "HET 2003"]
[Site "?"]
[Date "2003.11.08"]
[Round "4.10"]
[White "Ristic, Sreten"]
[Black "Milajev, Mihail"]
[Result "0-1"]
[WhiteElo "1936"]
[BlackElo "2155"]
[PlyCount "116"]
[EventDate "2003.??.??"]

1. e4 d6 2. d4 Nf6 3. Nc3 g6 4. Be2 Bg7 5. Be3 O-O 6. h3 c5 7. Nf3 cxd4 8. Nxd4
Nc6 9. Qd2 a6 10. a3 Qc7 11. O-O Ne5 12. b3 b5 13. f4 Ned7 14. Bf3 Bb7 15. Nd5
Nxd5 16. exd5 Nf6 17. Ne2 Rac8 18. Rac1 Nd7 19. c4 bxc4 20. bxc4 Nc5 21. Rb1
Rb8 22. Bd4 Ba8 23. Bxg7 Kxg7 24. f5 Nd7 25. fxg6 hxg6 26. Rbc1 Qc5+ 27. Qd4+
Qxd4+ 28. Nxd4 Ne5 29. Be2 Rb2 30. Rc2 Rxc2 31. Nxc2 Rb8 32. Nd4 Rc8 33. Rb1
Nxc4 34. Nc6 Nxa3 35. Rb6 Bxc6 36. Rxc6 Rb8 37. Rxa6 Rb3 38. Ra7 Kf6 39. Ra4
Nc2 40. Rf4+ Kg7 41. Kf2 Rb4 42. g3 Rxf4+ 43. gxf4 Kf6 44. Bd3 Nd4 45. Ke3 Nf5+
46. Kf3 Kg7 47. Bc4 Kh6 48. Bd3 Kh5 49. Be4 Kh4 50. Kg2 Ng3 51. Bd3 Nh5 52. Kf3
Kxh3 53. f5 gxf5 54. Bxf5+ Kh4 55. Bc8 Kg5 56. Ke4 f5+ 57. Kf3 Kf6 58. Ke3 Ke5
0-1